[Event "JBLN Ost 0001"]
[Site "Germany"]
[Date "2000.10.08"]
[Round "?"]
[White "Graetz, Fabian"]
[Black "Winkelmann, Andre"]
[Result "1-0"]
[WhiteElo "1960"]
[BlackElo "766"]
[PlyCount "53"]
[EventDate "2000.??.??"]
[EventType "team"]
[EventRounds "9"]
[EventCountry "GER"]
[SourceTitle "EXT 2003"]
[Source "ChessBase"]
[SourceDate "2002.11.25"]
[SourceVersion "1"]
[SourceVersionDate "2002.11.25"]
[SourceQuality "1"]

1. e4 e6 2. d4 f5 3. exf5 exf5 4. Bd3 Qf6 5. Nf3 Nc6 6. c3 d6 7. Na3 Bd7 8. Bg5 Qe6+ 9. Kd2 h6 10. Re1 hxg5 11. Rxe6+ Bxe6 12. Qe2 Rh6 13. d5 g4 14. Ng5 Ne5 15. Nxe6 Ne7 16. Nxc7+ Kf7 17. Nxa8 Nxd5 18. Bc4 Nxc4+ 19. Qxc4 Ke6 20. Nc7+ Kd7 21. Nxd5 Re6 22. Nb5 g6 23. Nd4 Bh6+ 24. Kc2 Re4 25. Qc7+ Ke8 26. f3 Bf8 27. Nf6# 1-0